00752nam a2200169 i 450000100060000000300090000600500170001500700030003200800410003524501820007626000710025830000280032950500830035765000650044070000430050585200340054883595ES-MaACL20230906174847.0t|041117s1983 sp ||||1| spa d00aInventario artístico de Guadalajara y su provincia / c[dirigido por José María de Azcárate Ristori ; y realizado con la colaboración de Ana García Páramo et al.]. aMadrid : bDirección General de Bellas Artes y Archivos, c1983. a2 v. : bil. ; c18 cm.8 aContiene: T.I: Abanadas-Muriel. -- T.II: Navas de Jadraque-Zorita de los Canes 4aPatrimonio cultural-zGuadalajara (Provincia)-vInventarios.1 aAzcárate Ristori, José María de. aES-MaACLjL-4731-2 bR.105399